00670nam a2200229Ia 4500001000600000003000900006008004100015040001300056040001300069041001300082100001900095100002900114245001500143245007900158250001100237260001100248260001600259260004900275300005500324650003000379650003100409F4827IT-RoPAU130308s9999 xx 000 0 und d aIT-RoPAU cIT-RoPAU aITALIANO aVan Bagh Peter gCodice Aut. SPICS: 51716 aMehr Licht bDal Cinema al Cinema. La Nuova Critica e le Origini delle Nouvelles Vagues a1a ed. aANCONA bTranseuropa c1997 [1° Ed.:1997 - Ed.Ling.Originale:1997] a"4 p. (prefazione: no ; testo: 4 [pagine: 33-36])" aTEORICHE CINEMATOGRAFICHE eCodice materia Spics: 6805